Sermon outlines on the Epistles: (Record no. 5700)

000 -LEADER
fixed length control field 00656nam a2200193 a 4500
001 - CONTROL NUMBER
control field :::00003442$&:&@@
003 - CONTROL NUMBER IDENTIFIER
control field OkBaRHE
005 - DATE AND TIME OF LATEST TRANSACTION
control field 20000607103305.0
008 - FIXED-LENGTH DATA ELEMENTS--GENERAL INFORMATION
fixed length control field s1971 j 000 0 eng u
040 ## - CATALOGING SOURCE
Transcribing agency
100 1# - MAIN ENTRY--PERSONAL NAME
Personal name Pentz, Croft M.
245 10 - TITLE STATEMENT
Title Sermon outlines on the Epistles:
Remainder of title Romans-2 Corinthians.
260 ## - PUBLICATION, DISTRIBUTION, ETC. (IMPRINT)
Place of publication, distribution, etc Grand Rapids, MI., :
Name of publisher, distributor, etc Baker Book House
Date of publication, distribution, etc c1971
300 ## - PHYSICAL DESCRIPTION
Extent 51 p. ;
Dimensions 22 cm.
650 ## - SUBJECT ADDED ENTRY--TOPICAL TERM
Topical term or geographic name as entry element Bible New Testament Corinthians
General subdivision Sermons
-- Outlines
650 ## - SUBJECT ADDED ENTRY--TOPICAL TERM
Topical term or geographic name as entry element Bible New Testament Romans
General subdivision Sermons
-- Outlines
942 ## - ADDED ENTRY ELEMENTS (KOHA)
Source of classification or shelving scheme
Koha item type Books
Copies
Shelving location Damaged status Withdrawn status Not for loan Date acquired Permanent Location Source of classification or shelving scheme Barcode Date last seen Koha item type Copy number Lost status Price effective from Full call number
General Stacks   2010-04-14RHEMA Bible Training College 34422018-03-28Books1 2010-04-14BS 2665 .P4